<?xml version="1.0" encoding="UTF-8"?><?xml-stylesheet type="text/xsl" href="static/style.xsl"?><OAI-PMH xmlns="http://www.openarchives.org/OAI/2.0/" xmlns:xsi="http://www.w3.org/2001/XMLSchema-instance" xsi:schemaLocation="http://www.openarchives.org/OAI/2.0/ http://www.openarchives.org/OAI/2.0/OAI-PMH.xsd"><responseDate>2026-04-18T03:17:02Z</responseDate><request verb="GetRecord" identifier="oai:www.recercat.cat:10256/21864" metadataPrefix="marc">https://recercat.cat/oai/request</request><GetRecord><record><header><identifier>oai:recercat.cat:10256/21864</identifier><datestamp>2024-06-18T11:51:34Z</datestamp><setSpec>com_2072_452955</setSpec><setSpec>com_2072_2054</setSpec><setSpec>col_2072_453063</setSpec></header><metadata><record xmlns="http://www.loc.gov/MARC21/slim" xmlns:dcterms="http://purl.org/dc/terms/" xmlns:xsi="http://www.w3.org/2001/XMLSchema-instance" xmlns:doc="http://www.lyncode.com/xoai" xsi:schemaLocation="http://www.loc.gov/MARC21/slim http://www.loc.gov/standards/marcxml/schema/MARC21slim.xsd">
   <leader>00925njm 22002777a 4500</leader>
   <datafield ind2=" " ind1=" " tag="042">
      <subfield code="a">dc</subfield>
   </datafield>
   <datafield ind2=" " ind1=" " tag="720">
      <subfield code="a">Drablia, Rima</subfield>
      <subfield code="e">author</subfield>
   </datafield>
   <datafield ind2=" " ind1=" " tag="720">
      <subfield code="a">Alleg, Safia</subfield>
      <subfield code="e">author</subfield>
   </datafield>
   <datafield ind2=" " ind1=" " tag="720">
      <subfield code="a">Nouredine, Fenineche</subfield>
      <subfield code="e">author</subfield>
   </datafield>
   <datafield ind2=" " ind1=" " tag="720">
      <subfield code="a">Escoda i Acero, Ma. Lluïsa</subfield>
      <subfield code="e">author</subfield>
   </datafield>
   <datafield ind2=" " ind1=" " tag="720">
      <subfield code="a">Suñol Martínez, Joan Josep</subfield>
      <subfield code="e">author</subfield>
   </datafield>
   <datafield ind2=" " ind1=" " tag="720">
      <subfield code="a">Greneche, Jean-Marc</subfield>
      <subfield code="e">author</subfield>
   </datafield>
   <datafield ind2=" " ind1=" " tag="260">
      <subfield code="c">2022-09-27</subfield>
   </datafield>
   <datafield ind2=" " ind1=" " tag="520">
      <subfield code="a">A disordered ε-FeSi crystalline structure was produced by selective laser melting in Fe92.4Si3.1B4.5 powder alloys fabricated with different laser powers at a laser scanning speed of 0.4 m/s. The phase formation, microstructure, roughness, microhardness, and hyperfine and magnetic properties were studied using X-ray diffraction, scanning electron microscopy, atomic force microscopy, a profilometer, a microdurometer, transmission 57Fe Mössbauer spectrometry and vibrating sample magnetometry. The aim of this work was therefore to study the effect of laser power on the phase formation, microstructure, morphology, and mechanical, hyperfine and magnetic properties. The XRD patterns revealed the coexistence of a bcc α-Fe0.95Si0.05, a tetragonal Fe2B boride phase and a disordered ε-FeSi type structure. The existence of the disorder was confirmed by the presence of different FeSi environments observed in the Mössbauer spectra. The Fe2B boride contained about 51–54% of Fe atoms. The porosity and roughness decreased whereas laser power increased. The sample produced with a laser power of 90 W had a smooth and dense surface, high microhardness (~1843 Hv) and soft magnetic properties (saturation magnetization Ms = 200 emu/g and coercivity Hc = 79 Oe)</subfield>
   </datafield>
   <datafield ind2=" " ind1=" " tag="520">
      <subfield code="a">This research was partially supported by MINECO project PID2020-115215RB-C22</subfield>
   </datafield>
   <datafield ind1="8" ind2=" " tag="024">
      <subfield code="a">http://hdl.handle.net/10256/21864</subfield>
   </datafield>
   <datafield tag="653" ind2=" " ind1=" ">
      <subfield code="a">Aliatges</subfield>
   </datafield>
   <datafield tag="653" ind2=" " ind1=" ">
      <subfield code="a">Alloys</subfield>
   </datafield>
   <datafield tag="653" ind2=" " ind1=" ">
      <subfield code="a">Aliatge mecànic</subfield>
   </datafield>
   <datafield tag="653" ind2=" " ind1=" ">
      <subfield code="a">Mechanical alloying</subfield>
   </datafield>
   <datafield ind2="0" ind1="0" tag="245">
      <subfield code="a">Structure, Microstructure, Hyperfine, Mechanical and Magnetic Behavior of Selective Laser Melted Fe92.4Si3.1B4.5 Alloy</subfield>
   </datafield>
</record></metadata></record></GetRecord></OAI-PMH>